000 00195 a2200097 4500
020 _a9781846433108
041 _aspa
100 _aChilds Play
245 _aSi te sientes bien contento
942 _cK
999 _c26737
_d26737